Estatísticas para Gana

Clique aqui para jogar o quiz

Estatísticas Gerais

  • Esse quiz foi jogado 5 vezes
  • A pontuação média é 8 de 15

Estatísticas das Respostas

HintResposta% Correto
Onde fica?África
100%
Com que país faz fronteira a Oeste?Costa do Marfim
80%
Qual é o seu desporto nacional?Futebol
80%
Qual é o seu código ISO?GHA
80%
Qual é o seu idioma?Inglês
80%
De que país é independente?Reino Unido
80%
Qual é a sua capital?Acra
60%
Com que país faz fronteira a Norte?Burkina Faso
60%
Com que golfo faz fronteira a Sul?Golfo da Guiné
60%
Com que país faz fronteira a Leste?Togo
60%
Qual é o seu tipo de clima?Tropical
60%
Qual é a sua moeda?Cedi
0%
Como se chama o seu traje?Kente
0%
Como se chama o maior lago artificial que está localizado no país?Lago Volta
0%
Qual é o seu ponto mais alto?Monte Afadjato
0%

Distribuição das Pontuações

Percentil de Números Respondidos

Porcentagem de Pessoas com Cada Pontuação

Sua Pontuação Histórica

Você não jogou esse quiz